[Event "21st TCh-RUS 2014"]
[Site "Loo RUS"]
[Date "2014.04.07"]
[Round "1.3"]
[Board "6"]
[White "Riazantsev, Alexander"]
[Black "Usmanov, Vasily"]
[Result "1/2-1/2"]
[WhiteTitle "GM"]
[WhiteElo "2688"]
[BlackElo "2416"]
[WhiteTeam "Yugra (KhMAO)"]
[BlackTeam "SDYUSSHOR SHSH Chigorin Chess Club"]
[WhiteFideId "4125029"]
[BlackFideId "4135741"]
[EventDate "2014.04.07"]

1. d4 Nf6 2. c4 e6 3. Nc3 d5 4. cxd5 exd5 5. Bg5 Be7 6. e3 c6 7. Bd3 O-O 8. Qc2
Nbd7 9. Nf3 Re8 10. h3 Nf8 11. O-O Be6 12. Rab1 Nh5 13. Bxe7 Rxe7 14. b4 Rc8 15.
Rfc1 Rec7 16. Na4 g6 17. Rb3 Qf6 18. Qd1 Nd7 19. Rbc3 Qe7 20. a3 Ng7 21. Nc5 Bf5
22. Bf1 Ne8 23. a4 Nd6 24. Nd2 Nxc5 25. bxc5 Ne4 26. Nxe4 Bxe4 27. f3 Bf5 28. g4
Be6 29. Qe1 f6 30. Qg3 Re8 31. a5 a6 32. Re1 Qg7 33. Bd3 Rce7 34. h4 Bc8 35. Kf2
Rf8 36. Rg1 f5 37. gxf5 Bxf5 38. Be2 Kh8 39. Qg5 h6 40. Qg3 Qf6 41. Qf4 Qg7 42.
Qg3 Qf6 43. Ke1 Rg7 44. Rh1 Qd8 45. Ra3 Re7 46. Kd2 Kh7 47. Rha1 Rfe8 48. Qf4
Rf8 49. Qg3 Rfe8 50. Rb3 Rg7 51. Qf4 Rf8 52. Qh2 Re8 53. Raa3 Qf6 54. Qf4 Rf8
55. Rb4 Qd8 56. Qh2 Re8 57. Rb6 Re6 58. Qf4 Rf6 59. Qh2 Re6 60. Rab3 Ree7 61.
Qf4 Ref7 62. Qh2 Re7 63. Qg3 Ref7 64. Qh2 Re7 65. Ra3 Re6 66. Qf4 Rf6 67. Qg3
Re6 68. Ra1 Re8 69. Rb3 Rge7 70. Raa3 Rg7 71. Qf4 Rf8 72. Qg3 Re8 73. Qf4 Rf8
74. Qg3 Re8 75. Qf4 Rf8 1/2-1/2

[Event "21st TCh-RUS 2014"]
[Site "Loo RUS"]
[Date "2014.04.07"]
[Round "1.4"]
[Board "3"]
[White "Grachev, Boris"]
[Black "Sivuk, Vitaly"]
[Result "1-0"]
[WhiteTitle "GM"]
[BlackTitle "IM"]
[WhiteElo "2659"]
[BlackElo "2519"]
[WhiteTeam "SHSM our inheritance (Moscow)"]
[BlackTeam "Turbopump (Voronezh region)"]
[WhiteFideId "4129199"]
[BlackFideId "14116502"]
[EventDate "2014.04.07"]

1. d4 Nf6 2. c4 g6 3. Nf3 Bg7 4. g3 O-O 5. Bg2 d5 6. cxd5 Nxd5 7. O-O Nb6 8. Nc3
Nc6 9. e3 Re8 10. Nh4 a5 11. f4 a4 12. Rf2 Bd7 13. Nf3 Qc8 14. Ne4 Rd8 15. Nc5
Be8 16. Qf1 e6 17. Bd2 Nd5 18. Qe1 b6 19. Nd3 Qa6 20. Bf1 Qa7 21. Rc1 Nf6 22.
Bc3 Ne4 23. Rfc2 Rac8 24. Bg2 Nxc3 25. Rxc3 Ne7 26. Nfe5 Bb5 27. Nc6 Nxc6 28.
Bxc6 Qa5 29. Qd1 Bxd3 30. Qxd3 Bf8 31. Bb7 Rb8 32. Rxc7 Bd6 33. Rc8 Rbxc8 34.
Bxc8 Qd5 35. b3 axb3 36. axb3 b5 37. Ba6 b4 38. Bb5 Qa8 39. Qc2 Be7 40. Bc6 Qa5
41. Be4 Bd6 42. h4 Kg7 43. Qb2 Qa3 44. Qb1 Rd7 45. Kf2 Rc7 46. Bc6 Qa5 47. Rc4
Qa6 48. Qc2 Qa1 49. Be4 Ra7 50. Qb1 Qa5 51. g4 f5 52. Bf3 Rc7 53. Qc2 Rxc4 54.
Qxc4 Qd8 55. g5 Qd7 56. Qc6 Qxc6 57. Bxc6 Kf7 58. Ke2 Bf8 59. Kd3 h6 60. Kc4
hxg5 61. hxg5 Bd6 62. Bd7 Ke7 63. Bc8 Kf7 64. Kb5 Ke7 65. Kc6 Bb8 66. Bd7 Kf7
67. Kb7 Bd6 68. Bb5 Bf8 69. Kc6 Ke8 70. Be2 Kd8 71. Ba6 Ke8 72. Kb5 Kd8 73. Bb7
Ke8 74. Bg2 Kd8 75. Bf1 Kc7 76. Bc4 Kd7 77. Kb6 Kd6 78. Bb5 Ke7 79. Kc7 Bg7 80.
Bc4 Bf8 81. Kc6 Bg7 82. Kc5 Bf8 83. Kxb4 Kd7+ 84. Ka4 Bd6 85. Bb5+ Kd8 86. b4
Ke7 87. Bc6 Kd8 88. Ka5 Bf8 89. Kb5 Bd6 90. Kc4 Ke7 91. Bb7 Kd7 92. Ba6 Kd8 93.
Kb3 Kd7 94. Bc4 Ke7 95. Ka4 Kd7 96. Ka5 Bf8 97. b5 Ba3 98. b6 Bc1 99. Bxe6+ Kd8
100. Ka6 Bxe3 101. b7 Bxf4 102. Ka7 Ke7 103. Bd5 Bc7 104. b8=Q Bxb8+ 105. Kxb8
Kd6 106. Bf3 1-0

[Event "21st TCh-RUS 2014"]
[Site "Loo RUS"]
[Date "2014.04.07"]
[Round "1.4"]
[Board "4"]
[White "Bortnyk, Olexandr"]
[Black "Najer, Evgeniy"]
[Result "1/2-1/2"]
[WhiteTitle "IM"]
[BlackTitle "GM"]
[WhiteElo "2495"]
[BlackElo "2655"]
[WhiteTeam "Turbopump (Voronezh region)"]
[BlackTeam "SHSM our inheritance (Moscow)"]
[WhiteFideId "14120828"]
[BlackFideId "4118987"]
[EventDate "2014.04.07"]

1. e4 e5 2. Nf3 Nc6 3. Bc4 Nf6 4. Ng5 d5 5. exd5 Na5 6. Bb5+ Bd7 7. Qe2 Be7 8.
Nc3 Bxb5 9. Qxb5+ c6 10. dxc6 Nxc6 11. O-O O-O 12. Re1 Nd7 13. Nf3 Nb4 14. Nxe5
Nxc2 15. Nxd7 Nxe1 16. Nxf8 Bxf8 17. d3 Qe8 18. Qxe8 Rxe8 19. Rb1 Bc5 20. Be3
Nxd3 21. Bxc5 Nxc5 22. Rd1 Kf8 23. f3 Re3 24. Rd8+ Re8 25. Rd1 Re3 26. Rd8+ Re8
27. Rd1 1/2-1/2

[Event "21st TCh-RUS 2014"]
[Site "Loo RUS"]
[Date "2014.04.07"]
[Round "1.4"]
[Board "5"]
[White "Popov, Ivan RUS"]
[Black "Demidov, Mikhail"]
[Result "1/2-1/2"]
[WhiteTitle "GM"]
[BlackTitle "IM"]
[WhiteElo "2651"]
[BlackElo "2498"]
[WhiteTeam "SHSM our inheritance (Moscow)"]
[BlackTeam "Turbopump (Voronezh region)"]
[WhiteFideId "4170350"]
[BlackFideId "4197143"]
[EventDate "2014.04.07"]

1. e4 e6 2. d4 d5 3. Nc3 Nf6 4. Bg5 Bb4 5. e5 h6 6. Bh4 g5 7. Bg3 Ne4 8. Ne2 c5
9. a3 Bxc3+ 10. Nxc3 Qa5 11. dxc5 Nxc3 12. Qd2 Nc6 13. Qxc3 Qxc3+ 14. bxc3 Bd7
15. h4 O-O-O 16. f3 d4 17. cxd4 Nxd4 18. O-O-O Nf5 19. Bf2 Ne7 20. Rd4 Ng6 21.
Bg3 Bc6 22. Rg4 gxh4 23. Bxh4 Nxh4 24. Rgxh4 Rd5 25. f4 Rd4 26. R1h3 Rhd8 27.
Rd3 Re4 28. Rxd8+ Kxd8 29. Kd2 Ra4 30. g3 Rxa3 31. Bd3 Ra1 32. Rxh6 Rg1 33. Rh8+
Ke7 34. Rg8 a5 35. Kc3 a4 36. g4 Rg3 37. Kb2 Rg2 38. Kc3 Rg3 39. Kb4 Rg1 40. Ka3
Rg3 41. Kb2 Rg2 42. Kc3 Rg3 43. Kb2 Rg2 1/2-1/2

[Event "21st TCh-RUS 2014"]
[Site "Loo RUS"]
[Date "2014.04.07"]
[Round "1.4"]
[Board "6"]
[White "Kostin, Alexey"]
[Black "Mozharov, Mikhail"]
[Result "1-0"]
[WhiteTitle "IM"]
[BlackTitle "IM"]
[WhiteElo "2283"]
[BlackElo "2557"]
[WhiteTeam "Turbopump (Voronezh region)"]
[BlackTeam "SHSM our inheritance (Moscow)"]
[WhiteFideId "4120736"]
[BlackFideId "4189825"]
[EventDate "2014.04.07"]

1. e4 c6 2. d4 d5 3. exd5 cxd5 4. c4 Nf6 5. Nc3 Nc6 6. Bg5 Be6 7. Nf3 h6 8. Bxf6
exf6 9. c5 g5 10. Bb5 Bg7 11. O-O O-O 12. Re1 g4 13. Bxc6 bxc6 14. Nh4 Rb8 15.
Qd2 Bd7 16. Ne2 f5 17. g3 Re8 18. Nf4 Qf6 19. Rxe8+ Rxe8 20. Rd1 Re4 21. Qa5 Qe7
22. Qxa7 Bxd4 23. Nd3 f4 24. Ng2 f3 25. Ngf4 Qe8 26. h3 gxh3 27. b4 Bf5 28. b5
cxb5 29. Nxd5 Qd8 30. N3f4 Qg5 31. Rxd4 Rxd4 32. Qb8+ Kh7 33. Qe5 Rd1+ 34. Kh2
Bg6 35. Qd6 Kg7 36. c6 Rf1 37. Qc5 Qe5 38. c7 Qa1 39. g4 Rh1+ 40. Kg3 h2 41.
c8=Q Rg1+ 42. Kxh2 Rh1+ 43. Kg3 Qg1+ 44. Kxf3 Qd1+ 45. Kg3 Qg1+ 46. Kf3 Qd1+ 47.
Ne2 Qd3+ 48. Ne3 Rh3+ 49. Kg2 1-0

[Event "21st TCh-RUS 2014"]
[Site "Loo RUS"]
[Date "2014.04.07"]
[Round "1.5"]
[Board "3"]
[White "Sarana, Alexey"]
[Black "Artemiev, Vladislav"]
[Result "0-1"]
[BlackTitle "IM"]
[WhiteElo "2372"]
[BlackElo "2636"]
[WhiteTeam "Moscow region"]
[BlackTeam "Rook (Kazan)"]
[WhiteFideId "24133795"]
[BlackFideId "24101605"]
[EventDate "2014.04.07"]

1. d4 d5 2. c4 c6 3. Nf3 Nf6 4. Nc3 e6 5. Bg5 Nbd7 6. cxd5 exd5 7. e3 Be7 8. Bd3
Ne4 9. Bf4 Ndf6 10. Qc2 O-O 11. O-O Bf5 12. Ng5 Nxg5 13. Bxf5 Ne6 14. Bg3 g6 15.
Bd3 Rc8 16. Rfd1 Nh5 17. Rab1 Nxg3 18. hxg3 a5 19. a3 Bd6 20. Be2 h5 21. e4 h4
22. e5 Bb8 23. Bg4 Kg7 24. Bxe6 fxe6 25. b4 hxg3 26. fxg3 Bxe5 27. Qd3 Bd6 28.
bxa5 Rf7 29. Rf1 Rxf1+ 30. Kxf1 Rc7 31. a6 bxa6 32. Ne2 Rf7+ 33. Kg1 Qf6 34. Qe3
e5 35. Rc1 exd4 36. Nxd4 Re7 37. Qf2 c5 38. Nf3 Qf5 39. Rd1 d4 40. a4 Re3 41.
Rf1 Re6 42. Re1 Rxe1+ 43. Qxe1 Qd5 44. Qe8 Qf5 45. Kf2 Qf7 46. Qe4 Qb3 47. g4
Qa2+ 48. Kg1 Qa1+ 49. Kf2 Qxa4 50. Qb7+ Kf8 51. Qa8+ Ke7 52. Qb7+ Qd7 53. Qxa6
Qxg4 54. Qb7+ Kf6 55. Qd5 Qe6 56. Qg5+ Kg7 57. Qd2 Qd5 58. Qd3 c4 59. Qd2 Bc5
60. Qf4 d3+ 61. Ke1 c3 62. Qc7+ Kf6 63. Qf4+ Qf5 64. Qh4+ Kg7 65. Qc4 d2+ 66.
Ke2 Qc2 0-1

[Event "21st TCh-RUS 2014"]
[Site "Loo RUS"]
[Date "2014.04.07"]
[Round "1.5"]
[Board "4"]
[White "Timofeev, Artyom"]
[Black "Nozdrachev, Leonid"]
[Result "1-0"]
[WhiteTitle "GM"]
[BlackTitle "FM"]
[WhiteElo "2610"]
[BlackElo "2413"]
[WhiteTeam "Rook (Kazan)"]
[BlackTeam "Moscow region"]
[WhiteFideId "4140419"]
[BlackFideId "24113433"]
[EventDate "2014.04.07"]

1. d4 Nf6 2. c4 g6 3. Nc3 Bg7 4. e4 d6 5. Nf3 O-O 6. h3 e5 7. d5 Nh5 8. g3 Qe8
9. Be2 Na6 10. Nh2 Nf6 11. Nf1 Nc5 12. Qc2 a5 13. g4 c6 14. Ng3 Qd8 15. Be3 cxd5
16. exd5 Bd7 17. g5 Ne8 18. h4 a4 19. h5 Qa5 20. Kf1 Nc7 21. Kg2 b5 22. Bxc5
dxc5 23. Nce4 Qb6 24. Rh4 bxc4 25. Bxc4 Bb5 26. hxg6 hxg6 27. Rah1 Bxc4 28. Qxc4
Rfd8 29. Nf6+ Kf8 30. Nge4 Ne8 31. Rh8+ Bxh8 32. Rxh8+ Ke7 33. Rxe8+ Rxe8 34.
d6+ Kd8 35. Qxf7 Qc6 36. Kg3 a3 37. b3 c4 38. Nxe8 cxb3 39. Qe7+ Kc8 40. d7+
Qxd7 41. N4d6+ 1-0

[Event "21st TCh-RUS 2014"]
[Site "Loo RUS"]
[Date "2014.04.07"]
[Round "1.5"]
[Board "5"]
[White "Klyuev, Alexander S."]
[Black "Makhmutov, Rail"]
[Result "1-0"]
[BlackTitle "FM"]
[WhiteElo "2260"]
[BlackElo "2414"]
[WhiteTeam "Moscow region"]
[BlackTeam "Rook (Kazan)"]
[WhiteFideId "4194250"]
[BlackFideId "4122151"]
[EventDate "2014.04.07"]

1. Nf3 Nf6 2. c4 e6 3. g3 d5 4. Bg2 dxc4 5. Qa4+ c6 6. Qxc4 b5 7. Qc2 Bb7 8. a4
a6 9. d4 Nbd7 10. Bg5 Be7 11. O-O O-O 12. Nc3 Rc8 13. Bxf6 Nxf6 14. Ne4 Nxe4 15.
Qxe4 Ba8 16. axb5 c5 17. Qf4 axb5 18. dxc5 Rxc5 19. Rfd1 Rd5 20. Rxd5 Bxd5 21.
Ne5 Bxg2 22. Kxg2 Qd5+ 23. Nf3 Qb3 24. Qe4 Bf6 25. Rb1 Rc8 26. Ne1 g6 27. Qd3
Qa2 28. Rd1 Rd8 29. Qb1 Qxb1 30. Rxb1 Rd2 31. Kf1 Rxb2 32. Rxb2 Bxb2 33. e3 Kf8
34. Ke2 Ke7 35. Nd3 Bg7 36. Nc5 Kd6 37. Nb3 Kd5 38. Kd3 f5 39. f3 Be5 40. e4+
fxe4+ 41. fxe4+ Kc6 42. Kc2 h5 43. Nd2 Kc5 44. Nf3 Bb8 45. Kb3 Bd6 46. Kc3 Be7
47. h3 g5 48. Kd3 Bf6 49. e5 Bh8 50. Nd4 Kd5 51. Nxb5 Bxe5 52. g4 hxg4 53. hxg4
Bb2 54. Kc2 Kc6 55. Na7+ Kb6 56. Kxb2 Kxa7 57. Kc3 Kb6 58. Kd4 Kc6 59. Ke5 Kd7
60. Kf6 e5 1-0

[Event "21st TCh-RUS 2014"]
[Site "Loo RUS"]
[Date "2014.04.07"]
[Round "1.6"]
[Board "1"]
[White "Jobava, Baadur"]
[Black "Potapov, Pavel"]
[Result "1/2-1/2"]
[WhiteTitle "GM"]
[BlackTitle "IM"]
[WhiteElo "2706"]
[BlackElo "2475"]
[WhiteTeam "University (Belorechensk)"]
[BlackTeam "Yamal"]
[WhiteFideId "13601520"]
[BlackFideId "4169786"]
[EventDate "2014.04.07"]

1. e4 c5 2. Nf3 Nc6 3. d4 cxd4 4. Nxd4 e5 5. Nf3 Nf6 6. Bc4 Nxe4 7. Qd5 Nd6 8.
Bb3 f6 9. Bd2 Qc7 10. Na3 a5 11. Nb5 Nxb5 12. Qxb5 Ne7 13. O-O-O Qc6 14. Qe2 d5
15. a4 Bf5 16. Nh4 Be6 17. f4 e4 18. Bc3 b6 19. g4 O-O-O 20. Rhg1 Kb7 21. Rg3
Ng6 22. Ng2 Bf7 23. Bd4 Bb4 24. Qf2 Qd6 25. g5 Rhg8 26. Rh3 Rh8 27. Kb1 Bc5 28.
Rg3 f5 29. h4 Ne7 30. Ne3 Bxd4 31. Rxd4 g6 32. Rg1 Qc5 33. Rgd1 Rd6 34. Bc4 Rhd8
35. Bb5 Be8 36. c4 Bxb5 37. cxb5 R6d7 38. Qd2 Rc7 39. Ka2 Kb8 40. Qh2 Kb7 1/2-1/2

[Event "21st TCh-RUS 2014"]
[Site "Loo RUS"]
[Date "2014.04.07"]
[Round "1.6"]
[Board "2"]
[White "Belyakov, Bogdan"]
[Black "Kobalia, Mikhail"]
[Result "1/2-1/2"]
[WhiteTitle "IM"]
[BlackTitle "GM"]
[WhiteElo "2444"]
[BlackElo "2633"]
[WhiteTeam "Yamal"]
[BlackTeam "University (Belorechensk)"]
[WhiteFideId "24104795"]
[BlackFideId "4119150"]
[EventDate "2014.04.07"]

1. e4 e5 2. Nf3 d6 3. d4 exd4 4. Qxd4 a6 5. Bg5 Nc6 6. Qc3 f6 7. Bd2 Be6 8. Bc4
Qd7 9. O-O O-O-O 10. Qb3 Bxc4 11. Qxc4 f5 12. exf5 Qxf5 13. Nc3 d5 14. Qf4 Qd7
15. Ne5 Nxe5 16. Qxe5 Nf6 17. Bg5 Bd6 18. Qd4 c5 19. Qd3 Be5 20. Rad1 d4 21. Ne4
Qd5 22. Bxf6 gxf6 23. f4 Bc7 24. Nxf6 Qe6 25. Ne4 c4 26. Qf3 Rhe8 27. Ng5 Qe3+
28. Kh1 Qxf3 29. Nxf3 d3 30. cxd3 cxd3 31. f5 Re2 32. f6 Rf8 33. Rxd3 Rxf6 34.
Rb1 Rg6 35. g3 Rh6 36. Kg1 Bb6+ 37. Kh1 Bc7 38. Kg1 Bb6+ 39. Kh1 Bc7 40. Kg1
Bb6+ 1/2-1/2

[Event "21st TCh-RUS 2014"]
[Site "Loo RUS"]
[Date "2014.04.07"]
[Round "1.6"]
[Board "3"]
[White "Tregubov, Pavel V."]
[Black "Goryachkina, Aleksandra"]
[Result "1/2-1/2"]
[WhiteTitle "GM"]
[BlackTitle "WGM"]
[WhiteElo "2620"]
[BlackElo "2423"]
[WhiteTeam "University (Belorechensk)"]
[BlackTeam "Yamal"]
[WhiteFideId "4115341"]
[BlackFideId "4147103"]
[EventDate "2014.04.07"]

1. d4 d5 2. c4 c6 3. Nf3 Nf6 4. e3 Bf5 5. Nc3 e6 6. Nh4 Bg6 7. Nxg6 hxg6 8. Bd3
Nbd7 9. h3 Bd6 10. O-O dxc4 11. Bxc4 Nb6 12. Bb3 e5 13. dxe5 Bxe5 14. e4 Qe7 15.
Bg5 O-O 16. Qc2 Nbd7 17. Rae1 Nc5 18. f4 Bxc3 19. bxc3 Nxb3 20. axb3 Qc5+ 21.
Kh2 Rfe8 22. Rf3 a5 23. e5 Nh7 24. Bh4 b5 25. Bf2 Qe7 26. Re4 Nf8 27. f5 gxf5
28. Rxf5 a4 29. bxa4 Rxa4 30. Rxa4 bxa4 31. Qxa4 g6 32. Rf3 Qxe5+ 33. Bg3 Qd5
34. Qf4 Re4 35. Qb8 Qd7 36. Be5 Re2 37. Bd4 Re8 38. Qg3 Ne6 39. Bf6 Ng7 40. Rd3
Qf5 41. Qf3 Qxf3 42. Rxf3 Re6 43. g4 Ne8 44. Bd4 Nd6 45. Kg2 f5 46. Rd3 fxg4 47.
hxg4 Nb5 48. Kf3 Nxd4+ 49. Rxd4 Kf7 50. Kf4 Kf6 51. g5+ Ke7 52. c4 Rd6 53. Ke4 1/2-1/2

[Event "21st TCh-RUS 2014"]
[Site "Loo RUS"]
[Date "2014.04.07"]
[Round "1.6"]
[Board "4"]
[White "Sergeyev, Alexander"]
[Black "Aleksandrov, Aleksej"]
[Result "0-1"]
[WhiteTitle "FM"]
[BlackTitle "GM"]
[WhiteElo "2403"]
[BlackElo "2539"]
[WhiteTeam "Yamal"]
[BlackTeam "University (Belorechensk)"]
[WhiteFideId "13702076"]
[BlackFideId "13500139"]
[EventDate "2014.04.07"]

1. Nf3 Nf6 2. c4 e6 3. Nc3 d5 4. cxd5 exd5 5. d4 c6 6. Bg5 Be7 7. e3 Bf5 8. Bd3
Bxd3 9. Qxd3 Nbd7 10. O-O O-O 11. Rab1 a5 12. Rbc1 Ne4 13. Bxe7 Qxe7 14. Nd2 f5
15. f3 Nxd2 16. Qxd2 Nb6 17. Rfe1 Nc4 18. Qe2 Rae8 19. e4 fxe4 20. fxe4 Qb4 21.
b3 Nd6 22. Qd3 dxe4 23. Nxe4 Re6 24. a3 Qxa3 25. Ng5 Rg6 26. h4 Rh6 27. Rf1 Re8
28. Rce1 Rxe1 29. Rxe1 Qb4 30. Qe3 Rf6 31. Rf1 Rxf1+ 32. Kxf1 Qb5+ 33. Ke1 h6
34. Qe6+ Kh8 35. Qxd6 hxg5 36. Qd8+ Kh7 37. h5 g4 38. Qd7 Qxh5 39. Qxb7 Qd5 40.
Qc8 Qe4+ 41. Kf1 Qd3+ 42. Ke1 Qc3+ 43. Ke2 Qc2+ 44. Ke1 Qxg2 45. Qf5+ Kh6 46.
Qe6+ Kg5 47. Qe5+ Kh4 48. Qxg7 Qf3 49. Qc7 Qg3+ 0-1

[Event "21st TCh-RUS 2014"]
[Site "Loo RUS"]
[Date "2014.04.07"]
[Round "1.6"]
[Board "5"]
[White "Beshukov, Sergei"]
[Black "Okara, Andrey"]
[Result "1/2-1/2"]
[WhiteTitle "GM"]
[BlackTitle "IM"]
[WhiteElo "2425"]
[BlackElo "2347"]
[WhiteTeam "University (Belorechensk)"]
[BlackTeam "Yamal"]
[WhiteFideId "4105451"]
[BlackFideId "4181360"]
[EventDate "2014.04.07"]

1. c4 e5 2. Nc3 Nf6 3. Nf3 Nc6 4. d3 g6 5. g3 Bg7 6. Bg2 O-O 7. O-O a6 8. Rb1
Rb8 9. b3 Re8 10. Bb2 Nd4 11. Nd2 d6 12. e3 Ne6 13. Rc1 h5 14. b4 Ng5 15. h4 Ne6
16. Nb3 c6 17. Ne4 Nxe4 18. dxe4 c5 19. a3 b6 20. Rc2 Bd7 21. Rc3 Ba4 22. Qe2
cxb4 23. axb4 a5 24. b5 Bxb3 25. Rxb3 Nc5 26. Ra3 Rc8 27. Rd1 Qe7 28. Ra2 Rc7
29. Ba3 Qe6 30. Kh2 Bf8 31. Rd5 Rd8 32. Rad2 Qf6 33. Qd1 Be7 34. Bb2 Nb7 35. f4
Rc5 36. Qa1 Rxd5 37. cxd5 Qg7 38. fxe5 Qh6 39. Rc2 Nc5 40. exd6 Bxd6 41. e5 Bf8
42. Bd4 g5 43. Qd1 Bg7 44. Rf2 Qg6 45. hxg5 Nd3 46. Rf6 Bxf6 47. gxf6 Nf2 48.
Qc1 h4 49. gxh4 Rxd5 50. Bxd5 Ng4+ 51. Kh3 Nf2+ 52. Kh2 Ng4+ 53. Kg1 Nxe3+ 54.
Kf2 Nxd5 55. Qg1 Qxg1+ 56. Kxg1 a4 57. Kf2 a3 58. h5 Nc7 59. Ba1 Nxb5 60. Ke3
Nc7 61. Kd4 Kh7 62. Kc4 Kh6 63. Kb4 Kxh5 64. Kxa3 Kg5 65. Kb4 Kf5 66. Bd4 Ke6
67. Kc4 1/2-1/2

[Event "21st TCh-RUS 2014"]
[Site "Loo RUS"]
[Date "2014.04.07"]
[Round "1.6"]
[Board "6"]
[White "Cherniaev, Alexander"]
[Black "Rozhkov, Vecheslav"]
[Result "1/2-1/2"]
[WhiteTitle "GM"]
[WhiteElo "2430"]
[BlackElo "2337"]
[WhiteTeam "University (Belorechensk)"]
[BlackTeam "Yamal"]
[WhiteFideId "4117301"]
[BlackFideId "4181484"]
[EventDate "2014.04.07"]

1. e4 c5 2. Nf3 d6 3. d4 cxd4 4. Nxd4 Nf6 5. Nc3 g6 6. Be3 a6 7. f3 Nbd7 8. Qd2
Bg7 9. a4 O-O 10. Bc4 Ne5 11. Ba2 Bd7 12. O-O Rc8 13. Rfd1 Nc4 14. Bxc4 Rxc4 15.
b3 Rc8 16. Nd5 Bc6 17. c4 Re8 18. Nxf6+ Bxf6 19. Rac1 Qd7 20. a5 Bg7 21. c5 dxc5
22. Nxc6 Qxd2 23. Nxe7+ Rxe7 24. Rxd2 Rec7 25. Bf4 Rc6 26. Rd7 b6 27. axb6 Rxb6
28. Rxc5 Bd4+ 29. Rxd4 Rxc5 30. Rd8+ Kg7 31. Be3 Rcb5 32. Bxb6 Rxb6 33. Rd3 a5
34. Kf2 Rb4 35. g4 a4 36. bxa4 Rxa4 37. Rd7 Ra2+ 38. Kg3 g5 39. h4 h6 40. Rd5
Kg6 41. Rd6+ Kg7 42. Rd1 Re2 43. Rh1 Kf6 44. Rh2 Re3 45. h5 Kg7 46. Rd2 Ra3 47.
Kf2 Ra6 48. Ke3 Rb6 49. Rd3 Rb4 50. f4 gxf4+ 51. Kxf4 Rb1 52. e5 Rf1+ 53. Rf3
Rg1 54. Kf5 Rg2 55. Rf4 Rg1 56. e6 fxe6+ 57. Kxe6 Re1+ 58. Kf5 Re7 59. Rb4 1/2-1/2

[Event "21st TCh-RUS 2014"]
[Site "Loo RUS"]
[Date "2014.04.08"]
[Round "2.1"]
[Board "1"]
[White "Karjakin, Sergey"]
[Black "Nepomniachtchi, Ian"]
[Result "1/2-1/2"]
[WhiteTitle "GM"]
[BlackTitle "GM"]
[WhiteElo "2772"]
[BlackElo "2732"]
[WhiteTeam "Malachite (Sverdlovsk region)"]
[BlackTeam "SHSM our inheritance (Moscow)"]
[WhiteFideId "14109603"]
[BlackFideId "4168119"]
[EventDate "2014.04.07"]

1. Nf3 d6 2. d4 g6 3. e4 Nf6 4. Bd3 Bg7 5. O-O O-O 6. c3 Nc6 7. Nbd2 e5 8. dxe5
Nxe5 9. Nxe5 dxe5 10. Nf3 Qe7 11. a4 Rd8 12. Qe2 a5 13. Bc4 h6 14. Re1 b6 15.
Be3 Ng4 16. Bc1 Nf6 17. Be3 Ng4 18. Bc1 1/2-1/2

[Event "21st TCh-RUS 2014"]
[Site "Loo RUS"]
[Date "2014.04.08"]
[Round "2.1"]
[Board "4"]
[White "Grachev, Boris"]
[Black "Shirov, Alexei"]
[Result "0-1"]
[WhiteTitle "GM"]
[BlackTitle "GM"]
[WhiteElo "2659"]
[BlackElo "2702"]
[WhiteTeam "SHSM our inheritance (Moscow)"]
[BlackTeam "Malachite (Sverdlovsk region)"]
[WhiteFideId "4129199"]
[BlackFideId "2209390"]
[EventDate "2014.04.07"]

1. Nf3 d5 2. g3 Bg4 3. Bg2 Nd7 4. c4 e6 5. cxd5 exd5 6. h3 Bxf3 7. Bxf3 Ngf6 8.
O-O c6 9. d3 Bc5 10. e3 O-O 11. a3 a5 12. b3 Ne8 13. Bg2 Nd6 14. Ra2 Re8 15. Re2
Re6 16. Bb2 Qe7 17. Rfe1 Re8 18. Qd2 Bb6 19. Nc3 Nf5 20. d4 h5 21. Na4 Bc7 22.
e4 dxe4 23. Rxe4 Qd6 24. Qg5 Rxe4 25. Rxe4 Rxe4 26. Bxe4 Nxd4 27. Qxh5 Nf6 28.
Qh4 Ne2+ 29. Kg2 Nxg3 30. Bxf6 Nxe4 31. Qxe4 Qh2+ 32. Kf1 Qxh3+ 33. Ke2 gxf6 34.
b4 axb4 35. axb4 Bd6 36. Qd4 Qe6+ 37. Kf1 b5 38. Nc3 Be5 39. Qd3 Qb3 40. Qd8+
Kg7 41. Nd1 Qxb4 42. Ne3 Qb1+ 43. Ke2 Bf4 0-1

[Event "21st TCh-RUS 2014"]
[Site "Loo RUS"]
[Date "2014.04.08"]
[Round "2.1"]
[Board "6"]
[White "Potkin, Vladimir"]
[Black "Bologan, Viktor"]
[Result "1/2-1/2"]
[WhiteTitle "GM"]
[BlackTitle "GM"]
[WhiteElo "2617"]
[BlackElo "2649"]
[WhiteTeam "SHSM our inheritance (Moscow)"]
[BlackTeam "Malachite (Sverdlovsk region)"]
[WhiteFideId "4131061"]
[BlackFideId "13900048"]
[EventDate "2014.04.07"]

1. d4 Nf6 2. c4 e6 3. Nf3 b6 4. g3 Ba6 5. b3 Bb4+ 6. Bd2 Be7 7. Nc3 d5 8. cxd5
exd5 9. Bg2 O-O 10. O-O Re8 11. Ne5 Bb7 12. Qc2 Nbd7 13. Rfd1 Bd6 14. Nc4 Bf8
15. Bf4 a6 16. Ne5 Bd6 17. Nxd7 Qxd7 18. Bxd6 cxd6 19. Rac1 b5 20. e3 Rac8 21.
Qb2 b4 22. Ne2 a5 23. Rxc8 Rxc8 24. Rc1 Rxc1+ 25. Qxc1 h6 26. f3 Ba6 27. Bf1 h5
28. h4 Bxe2 29. Bxe2 Qh3 30. Qe1 Ne8 31. Bf1 Qf5 32. Qd1 g5 33. hxg5 Qxg5 34.
Kf2 Ng7 35. Bd3 Nf5 36. Bxf5 Qxf5 37. Kg2 Qc8 38. e4 dxe4 39. fxe4 Qc6 40. d5
Qe8 41. Qf3 Qe5 42. Qf4 Qxf4 43. gxf4 f5 44. e5 dxe5 45. fxe5 Kf7 46. Kg3 Ke7
47. Kg2 Kf7 48. Kg3 Ke7 49. Kg2 1/2-1/2

[Event "21st TCh-RUS 2014"]
[Site "Loo RUS"]
[Date "2014.04.08"]
[Round "2.2"]
[Board "3"]
[White "Artemiev, Vladislav"]
[Black "Movsesian, Sergei"]
[Result "1/2-1/2"]
[WhiteTitle "IM"]
[BlackTitle "GM"]
[WhiteElo "2636"]
[BlackElo "2670"]
[WhiteTeam "Rook (Kazan)"]
[BlackTeam "St. Petersburg"]
[WhiteFideId "24101605"]
[BlackFideId "310204"]
[EventDate "2014.04.07"]

1. d4 Nf6 2. c4 e6 3. Nf3 d5 4. g3 Bb4+ 5. Bd2 Be7 6. Bg2 c6 7. Qc2 O-O 8. O-O
Nbd7 9. Rd1 b6 10. Bf4 Bb7 11. Ne5 Nh5 12. Bd2 Nhf6 13. cxd5 cxd5 14. Nc6 Bxc6
15. Qxc6 Qc8 16. Qb5 Ne8 17. Nc3 Nd6 18. Qd3 Qc4 19. Qb1 Nf6 20. e3 Qc6 21. Be1
Rfc8 22. Rc1 Qb7 23. Qd3 Rc6 24. f3 Rac8 25. e4 Nc4 26. Qe2 b5 27. Bf2 a6 28.
Nd1 Bf8 29. Rc2 g6 30. Qe1 Bh6 31. Re2 dxe4 32. fxe4 Qd7 33. Bf3 R6c7 34. Kh1 e5
35. d5 Nd6 36. Be3 Bxe3 37. Nxe3 Ndxe4 38. Ng4 Nxg4 39. Rxe4 f5 40. Bxg4 Qxd5
41. Rd1 Qxe4+ 42. Qxe4 fxe4 43. Bxc8 Rxc8 44. Rd2 Kf7 45. Kg2 Ke6 46. Kf2 Rc1
47. Re2 Ra1 48. b3 Rd1 49. Ke3 Kd5 50. Rc2 b4 51. Ke2 Rh1 52. Ke3 Re1+ 53. Kd2
Ra1 54. Ke3 Rd1 55. Ke2 Rd3 56. Rc7 Rc3 57. Rd7+ Ke6 58. Rxh7 Rc2+ 59. Ke3 Rxa2
60. Kxe4 a5 61. Ra7 Re2+ 62. Kf3 Rxh2 63. Rxa5 Rb2 64. Ke4 Rxb3 65. Ra6+ Kf7 66.
g4 Rg3 67. Kxe5 Rxg4 68. Ra7+ Ke8 69. Rb7 Kd8 70. Kd6 Kc8 71. Rb6 g5 72. Rb5
Rd4+ 73. Ke5 Rf4 74. Kd6 Rg4 75. Kc6 Rc4+ 76. Kd5 Rh4 77. Kd6 Rg4 78. Kc6 Kd8
79. Kd6 Rd4+ 80. Ke5 Rg4 81. Kd6 Kc8 82. Kc6 Rc4+ 83. Kd6 Rd4+ 84. Ke5 Rf4 85.
Kd6 g4 86. Ke5 Rc4 87. Kd5 Rf4 88. Ke5 1/2-1/2